One Word Movies Of... Quiz Stats

Quiz Updated Nov 27, 2017

Challenge
Share
Tweet
Embed
Score 0/48 Timer 07:00
2 Plays Today
Year Answer % Correct
Leonardo DiCaprioTitanic
91.8%
James CameronTitanic
91.8%
PixarUp
74.2%
James CameronAvatar
68%
PixarCars
61.3%
Leonardo DiCaprioInception
53.5%
Steven SpielbergJaws
44.9%
PixarWALL-E
44.5%
PixarBrave
44.1%
PixarCoco
38.6%
Brad PittSe7en
38.4%
PixarRatatouille
26.5%
James CameronAliens
25.1%
Brad PittFury
20.7%
Steven SpielbergLincoln
20.6%
Brad PittTroy
19.6%
Jennifer AnistonCake
18.6%
Natalie PortmanJackie
18.1%
George ClooneyGravity
16%
George ClooneySyriana
16%
Natalie PortmanCloser
15.8%
Brad PittAllied
14.8%
Brad PittBabel
12.4%
Cameron CroweAloha
11.5%
Year Answer % Correct
George ClooneyTomorrowland
11%
Brad PittSnatch
11%
Steven SpielbergMunich
10.4%
Jennifer AnistonWanderlust
8.4%
Steven SpielbergHook
7.5%
Jennifer AnistonLeprechaun
7.4%
Steven SpielbergAmistad
7.2%
Jennifer AnistonStorks
7.1%
Brad PittKalifornia
6.4%
Jennifer AnistonDerailed
5.8%
Cameron CroweElizabethtown
5.6%
Cameron CroweSingles
4.9%
George ClooneySolaris
4.9%
Steven SpielbergAlways
4.8%
Natalie PortmanPlanetarium
4.8%
Natalie PortmanHeat
4.5%
Natalie PortmanBrothers
4.3%
George ClooneyLeatherheads
4.2%
Brad PittMoneyball
3.6%
Brad PittMegamind
3.5%
Brad PittSleepers
3.4%
Leonardo DiCaprioCelebrity
3%
Jennifer AnistonManagement
3%
Natalie PortmanThor
1.8%

You're not logged in!

Compare scores with friends on all Sporcle quizzes.
Sign Up with Email
OR
Log In

You Might Also Like...

Show Comments

Extras

Top Quizzes Today


Score Distribution

Your Account Isn't Verified!

In order to create a playlist on Sporcle, you need to verify the email address you used during registration. Go to your Sporcle Settings to finish the process.

Report this User

Report this user for behavior that violates our Community Guidelines.

Details: